Zur Frage der Judenfeindlichkeit bei E.T.A. Hoffmann
| Titel: | Zur Frage der Judenfeindlichkeit bei E.T.A. Hoffmann : eine Lektüre der Erzählungen "Die Brautwahl" und "Die Irrungen/Die Geheimnisse" im Diskurszusammenhang des Preußischen "Emanzipationsedikts" von 1812 / Nicolas von Passavant |
|---|---|
| Verfasser: | |
| In: |
E.-T.-A.-Hoffmann-Jahrbuch, Band 29 (2021), Seite 53-79 alle Artikel anzeigen |
| Veröffentlicht: | 2021 |
| Format: | Aufsatz |
| Sprache: | Deutsch |
X
alg: 49960075 001A $04504:22-09-22 001B $01999:22-09-22 $t22:51:59.000 001D $04504:22-09-22 001U $0utf8 001X $00 002@ $0Aou 002C $aText $btxt $2rdacontent 002D $aohne Hilfsmittel zu benutzen $bn $2rdamedia 002E $aBand $bnc $2rdacarrier 003@ $0499600754 007A $0499600754 $aHEB 010@ $ager 010E $erda 011@ $a2021 021A $aZur Frage der Judenfeindlichkeit bei E.T.A. Hoffmann $deine Lektüre der Erzählungen "Die Brautwahl" und "Die Irrungen/Die Geheimnisse" im Diskurszusammenhang des Preußischen "Emanzipationsedikts" von 1812 $hNicolas von Passavant 028A $BVerfasser $#Passavant, Nicolas $4aut $71078803188 $8Passavant, Nicolas$cvon$Z1983- [Tp3] $9366339427 031A $d29 $h53-79 $j2021 039B $aEnthalten in $8--Abvc--. E.-T.-A.-Hoffmann-Jahrbuch. - Berlin : Schmidt, 1993-. - ISSN 0944-5277 $x202100000290000947 $9048641006 044K $RShakespeare, William $R085282421 $RKotzebue, August $R456214984 $RHoffmann, E. T. A. $R085966819 $RBusoni, Ferruccio $R299325954 $#Die @Brautwahl. Eine berlinische Geschichte, in der mehrere ganz unwahrscheinliche Abentheuer vorkommen $#Die @Brautwahl. Eine Geschichte, in der mehrere ganz unwahrscheinliche Abenteuer vorkommen $#Le @choix d'une fiancée $#The @Bridal Choice $#Brudevalget $#Il @sorteggio della sposa $#Laim¯et¯a l¯igava $#Izbor neveste $#Hoffmann, E. T. A. $#086893491 $74661258-0 $8Hoffmann, E. T. A.$Z1776-1822 [Tp1]$aDie @Brautwahl [Tu1] $9101732104 044K $RHoffmann, E. T. A. $R371858992 $RHoffmann, E. T. A. $R47895686X $#Die @Irrungen. Fragment aus dem Leben eines Fantasten $#Die @Täuschungen $#Hoffmann, E. T. A. $#086893491 $71085185494 $8Hoffmann, E. T. A.$Z1776-1822 [Tp1]$aDie @Irrungen [Tu1] $937185881X 044K $RHoffmann, E. T. A. $R37185881X $RHoffmann, E. T. A. $R371578744 $RHoffmann, E. T. A. $R47895686X $#Die @Geheimnisse. Fortsetzung des Fragments aus dem Leben eines Fantasten: die Irrungen $#Hoffmann, E. T. A. $#086893491 $71085185850 $8Hoffmann, E. T. A.$Z1776-1822 [Tp1]$aDie @Geheimnisse [Tu1] $9371858992 044K $RJüdin $RJuden $RMotiv $#Jews in literature $#Jews in art $#Jews Public opinion $#Jews in popular culture $#Médias et juifs $#Judíos Opinión pública $74123470-4 $8Judenbild [Ts1] $9085408131 044K $RDeutsches Reich $RHerzogtum Preußen $#Preußen $#Preußen $#Brandenburg-Preußen $#Königreich Preußen $#Preußische Staaten $#Preußischer Staat $#Der @Preußische Staat $#Königlich Preußische Staaten $#Prusy Królewskie $#Königlich Preußen $#Prussia $74047194-9 $8Preußen [Tg1] $9085131652 044K $REmanzipation $#Jews Emancipation $#Juifs Émancipation $#Emanzipation Juden $#Juden Gleichstellung $74131633-2 $8Judenemanzipation [Ts1] $9085470201 045T $a7,20 045T $aAVL $qDE-30 $2FID 045T $aGER $qDE-30 $2FID 045V $aHoffmann, E. T. A. $814.12.00$jZu einzelnen Autoren [Tkx] $9118843648 lok: 49960075 62 exp: 49960075 62 1 #EPN 201B/01 $022-09-22 $t22:07:56.000 201C/01 $022-09-22 203@/01 $01214336329 208@/01 $a22-09-22 $be 209A/01 $a/ $f000 $x00 209B/01 $a2022 $x05 247C/01 $8Frankfurt, Bibliographie der Deutschen Sprach- und Literaturwissenschaft $9113214561 201U/01 $0utf8 lok: 49960075 78 exp: 49960075 78 1 #EPN 201B/01 $001-11-24 $t15:09:14.000 201C/01 $001-11-24 201U/01 $0utf8 203@/01 $01279530480 208@/01 $a01-11-24 $be 209A/01 $a/ $f000 $x00 209A/01 $ab*p $x01 220C/01 $apgar 244Z/01 $#Preußen $#Preußen $#Brandenburg-Preußen $#Königreich Preußen $#Preußische Staaten $#Preußischer Staat $#Der @Preußische Staat $#Königlich Preußische Staaten $#Prusy Królewskie $#Königlich Preußen $#Prussia $74047194-9 $8--Tg1--Preußen $x06 $9085131652 247C/01 $82080>Marburg/Lahn, Herder-Institut, Forschungsbibliothek, Bibliographieportal $9336309341
| LEADER | 00000caa a2200000 c 4500 | ||
|---|---|---|---|
| 001 | 499600754 | ||
| 003 | DE-603 | ||
| 005 | 20220922225159.0 | ||
| 007 | tu | ||
| 008 | 220922s2021 xx |||| | u00||u|ger c | ||
| 035 | |a (DE-599)HEB499600754 | ||
| 040 | |a DE-603 |b ger |c DE-603 |d DE-603 |e rda | ||
| 041 | |a ger | ||
| 084 | |a 7,20 |2 ssgn | ||
| 084 | |a AVL |q DE-30 |2 fid | ||
| 084 | |a GER |q DE-30 |2 fid | ||
| 100 | 1 | |a Passavant, Nicolas von |d 1983- |e Verfasser |4 aut |0 (DE-603)366339427 |0 (DE-588)1078803188 |2 gnd | |
| 245 | 0 | 0 | |a Zur Frage der Judenfeindlichkeit bei E.T.A. Hoffmann |b eine Lektüre der Erzählungen "Die Brautwahl" und "Die Irrungen/Die Geheimnisse" im Diskurszusammenhang des Preußischen "Emanzipationsedikts" von 1812 |c Nicolas von Passavant |
| 264 | 0 | |c 2021 | |
| 336 | |a Text |b txt |2 rdacontent | ||
| 337 | |a ohne Hilfsmittel zu benutzen |b n |2 rdamedia | ||
| 338 | |a Band |b nc |2 rdacarrier | ||
| 600 | 1 | 7 | |a Hoffmann, E. T. A. |d 1776-1822 |t Die Brautwahl |0 (DE-588)4661258-0 |0 (DE-603)101732104 |2 gnd |
| 600 | 1 | 7 | |a Hoffmann, E. T. A. |d 1776-1822 |t Die Irrungen |0 (DE-588)1085185494 |0 (DE-603)37185881X |2 gnd |
| 600 | 1 | 7 | |a Hoffmann, E. T. A. |d 1776-1822 |t Die Geheimnisse |0 (DE-588)1085185850 |0 (DE-603)371858992 |2 gnd |
| 650 | 7 | |a Judenbild |0 (DE-588)4123470-4 |0 (DE-603)085408131 |2 gnd | |
| 650 | 7 | |a Judenemanzipation |0 (DE-588)4131633-2 |0 (DE-603)085470201 |2 gnd | |
| 651 | 7 | |a Preußen |0 (DE-588)4047194-9 |0 (DE-603)085131652 |2 gnd | |
| 773 | 0 | 8 | |i Enthalten in |t E.-T.-A.-Hoffmann-Jahrbuch |d Berlin : Schmidt, 1993- |x 0944-5277 |g Band 29 (2021), Seite 53-79 |w (DE-603)048641006 |w (DE-600)1176223-8 |
| 924 | 0 | |9 603 |a (DE-603)1214336329 |b DE-603 |c HES |d d | |
| 924 | 0 | |9 2080 |a (DE-603)1279530480 |b DE-2080 |c HES |d d |g / | |


